| 000 | 00460cam a2200157ua 4500 | ||
|---|---|---|---|
| 041 |
_aeng _h |
||
| 082 |
_a545 _bVOG/TE |
||
| 100 | _aVogel, Arthur.I . | ||
| 245 |
_aText book of quantitative inorganic analysis : Including elementory instrumental analysis / _cI.Arthur Vogel. _hTextual Documents |
||
| 250 |
_a3 / _b. |
||
| 260 |
_a : _bThe English Language book society , _c1964. |
||
| 300 | _a1216 ; . | ||
| 504 | _a | ||
| 942 | _cBK | ||
| 999 |
_c1545 _d1545 |
||